000 00679nam a2200253Ia 4500
003 OSt
005 20221006160847.0
006 a|||||r|||| 00| 0
007 ta
008 221006b |||||||| |||| 00| 0 eng d
020 _a9781442221932
024 _a46,634
037 _cTextual
040 _aEASL
_cEASL
_beng
041 _2eng
_aeng
082 _aY:1.41.N12, Q5
100 _aSMITH Richard J.
_9457286
245 0 _aQing dynasty and traditional Chinese culture
260 _aLanham
_bRowman & Littlefield
_c2015
300 _a612p.
_ccm.
490 _v CEL
942 _hY:1.41.N12, Q5
_cTEXL
_2CC
999 _c1114724
_d1114724